Premier League Big Six managers - Statistics

General Stats
  • This quiz has been taken 450 times
    398 since last reset
  • The average score is 33 of 71
Answer Stats
Years
Manager % Correct
Manchester United 1986-2013 Alex Ferguson
97%
Arsenal 1996-2018 Arsène Wenger
96%
Manchester United 2016-2018 José Mourinho
96%
Chelsea F.C. 2004-2007 José Mourinho
96%
Chelsea F.C. 2013-2015 José Mourinho
96%
Tottenham Hotspur 2019-2021 José Mourinho
96%
Liverpool F.C. 2015-2024 Jürgen Klopp
95%
Arsenal 2019-? Mikel Arteta
95%
Manchester City 2016-? Pep Guardiola
93%
Liverpool F.C. 2024-? Arne Slot
92%
Manchester United 2022-2024 Erik ten Hag
84%
Manchester United 2024-? Ruben Amorim
81%
Manchester United 2018-2021 Ole Gunnar Solskjær
79%
Liverpool F.C. 2004-2010 Rafael Benitez
77%
Chelsea F.C. 2023-2024 Mauricio Pochettino
75%
Tottenham Hotspur 2014-2019 Mauricio Pochettino
75%
Manchester United 2013-2014 David Moyes
74%
Chelsea F.C. 2019-2021 Frank Lampard
74%
Manchester United 2014-2016 Louis van Gaal
74%
Chelsea F.C. 2016-2018 Antonio Conte
72%
Tottenham Hotspur 2021-2023 Antonio Conte
72%
Arsenal 2018-2019 Unai Emery
72%
Chelsea F.C. 2024-? Enzo Maresca
69%
Chelsea F.C. 2021-2022 Thomas Tuchel
66%
Liverpool F.C. 2012-2015 Brendan Rodgers
64%
Manchester City 2009-2013 Roberto Mancini
64%
Chelsea F.C. 2009-2011 Carlo Ancelotti
62%
Manchester City 2013-2016 Manuel Pellegrini
62%
Tottenham Hotspur 2023-2025 Ange Postecoglou
57%
Chelsea F.C. 2022-2023 Graham Potter
54%
Liverpool F.C. 2011-2012 Kenny Dalglish
53%
Tottenham Hotspur 2025-? Thomas Frank
52%
Liverpool F.C. 2010-2011 Roy Hodgson
50%
Chelsea F.C. 2012 Roberto Di Matteo
48%
Chelsea F.C. 2011-2012 André Villas-Boas
46%
Tottenham Hotspur 2012-2013 André Villas-Boas
46%
Chelsea F.C. 2000-2004 Claudio Ranieri
44%
Chelsea F.C. 2018-2019 Maurizio Sarri
44%
Tottenham Hotspur 2008-2012 Harry Redknapp
39%
Tottenham Hotspur 2021 Nuno Espirito Santo
39%
Manchester City 2008-2009 Mark Hughes
36%
Chelsea F.C. 2007-2008 Avram Grant
35%
Tottenham Hotspur 1998-2001 George Graham
29%
Arsenal 1986-1995 George Graham
29%
Chelsea F.C. 1996-1998 Ruud Gullit
29%
Chelsea F.C. 2008-2009 Luiz Felipe Scolari
28%
Manchester City 2007-2008 Sven-Göran Eriksson
27%
Chelsea F.C. 1998-2000 Gianluca Vialli
24%
Chelsea F.C. 1993-1996 Glenn Hoddle
22%
Tottenham Hotspur 2001-2003 Glenn Hoddle
22%
Liverpool F.C. 1991-1994 Graeme Souness
22%
Tottenham Hotspur 2013-2014 Tim Sherwood
21%
Manchester City 2001-2005 Kevin Keegan
20%
Tottenham Hotspur 2004-2007 Martin Jol
18%
Manchester City 2005-2007 Stuart Pearce
17%
Tottenham Hotspur 2007-2008 Juande Ramos
17%
Liverpool F.C. 1998-2004 Gérard Houllier
16%
Arsenal 1995-1996 Bruce Rioch
15%
Liverpool F.C. 1994-1998 Roy Evans
14%
Tottenham Hotspur 1993-1994 Osvaldo Ardiles
10%
Manchester City 1995-1996 Alan Ball
8%
Tottenham Hotspur 1994-1997 Gerry Francis
8%
Tottenham Hotspur 1997-1998 Christian Gross
7%
Tottenham Hotspur 2004 Jacques Santini
7%
Manchester City 1998-2001 Joe Royle
7%
Manchester City 1990-1993 Peter Reid
6%
Manchester City 1993-1995 Brian Horton
5%
Tottenham Hotspur 1992-1993 Doug Livermore & Ray Clemence
5%
Manchester City 1996-1998 Frank Clark
3%
Manchester City 1996 Steve Coppell
2%
Chelsea F.C. 1991-1993 Ian Portefield
1%
No matching quizzes found
Score Distribution
Percent of People with Each Score
Percentile by Number Answered
Your Score History
You have not taken this quiz since the last reset